Central Library OPAC University of Rajshahi
Normal view MARC view

Entry Personal Name

Number of records used in: 2

001 - CONTROL NUMBER

  • control field: 14733

003 - CONTROL NUMBER IDENTIFIER

  • control field: BD-RjUL

005 - DATE AND TIME OF LATEST TRANSACTION

  • control field: 20241223144110.0

008 - FIXED-LENGTH DATA ELEMENTS

  • fixed length control field: 241223|| aca||aabn | a|a d

040 ## - CATALOGING SOURCE

  • Original cataloging agency: BD-RjUL
  • Transcribing agency: BD-RjUL

100 ## - HEADING--PERSONAL NAME

  • Personal name: Bāqir, Muḥammad

670 ## - SOURCE DATA FOUND

  • Source citation: Work cat.: (BD-RjUL)84562: Bāqir, Muḥammad , تارىخ ممتاز : / Tārīk̲h̲-i Mumtāz : , 1952.